Normal view
MARC view
- سبيل الحوريات - المواقع السياحية- الاثار-الاردن
Entry Topical Term
001 - CONTROL NUMBER
- control field: 45521
003 - CONTROL NUMBER IDENTIFIER
- control field: JO-AjAnu
005 - DATE AND TIME OF LATEST TRANSACTION
- control field: 20230606081529.0
008 - FIXED-LENGTH DATA ELEMENTS
- fixed length control field: 230606|| aca||aabn | a|a d
040 ## - CATALOGING SOURCE
- Original cataloging agency: JO-AjAnu
- Transcribing agency: JO-AjAnu
150 ## - HEADING--TOPICAL TERM
- Topical term or geographic name entry element: سبيل الحوريات - المواقع السياحية- الاثار-الاردن
670 ## - SOURCE DATA FOUND
- Source citation: Work cat.: (JO-AjAnu)23307: اعداد وهيب، محمد، م. مشارك الزعبي، زهير, author 45520, اكتشاف سبيل الحوريات في عمان (فيلادلفيا)، الجزء الأول